BSOP header

Ruth, Esther, Jonah / (Record no. 13892)

MARC details
000 -LEADER
fixed length control field 00806nam a2200241 4500
008 - FIXED-LENGTH DATA ELEMENTS--GENERAL INFORMATION
fixed length control field 030114s1986 us 0 eng
020 ## - INTERNATIONAL STANDARD BOOK NUMBER
International Standard Book Number 080423227X
090 #0 - LOCALLY ASSIGNED LC-TYPE CALL NUMBER (OCLC); LOCAL CALL NUMBER (OCLC)
Classification number (OCLC) (R) ; Classification number, CALL (RLIN) (NR) BS1315.3
Local cutter number (OCLC) ; Book number/undivided call number, CALL (RLIN) B65
100 1# - MAIN ENTRY--PERSONAL NAME
Personal name Bos, Johanna W. H.
245 10 - TITLE STATEMENT
Title Ruth, Esther, Jonah /
Statement of responsibility, etc Johanna W. H. Bos.
260 ## - PUBLICATION, DISTRIBUTION, ETC. (IMPRINT)
Place of publication, distribution, etc Atlanta :
Name of publisher, distributor, etc John Knox,
Date of publication, distribution, etc c1986.
300 ## - PHYSICAL DESCRIPTION
Extent 98 p.
490 1# - SERIES STATEMENT
Series statement Knox preaching guides
504 ## - BIBLIOGRAPHY, ETC. NOTE
Bibliography, etc Biblio: pp. at end of book
650 #4 - SUBJECT ADDED ENTRY--TOPICAL TERM
Topical term or geographic name as entry element Bible. O.T. Esther
General subdivision Commentaries.
650 #4 - SUBJECT ADDED ENTRY--TOPICAL TERM
Topical term or geographic name as entry element Bible. O.T. Esther
General subdivision Homiletical use.
650 #4 - SUBJECT ADDED ENTRY--TOPICAL TERM
Topical term or geographic name as entry element Bible. O.T. Jonah
General subdivision Commentaries.
650 #4 - SUBJECT ADDED ENTRY--TOPICAL TERM
Topical term or geographic name as entry element Bible. O.T. Jonah
General subdivision Homiletical use.
650 #4 - SUBJECT ADDED ENTRY--TOPICAL TERM
Topical term or geographic name as entry element Bible. O.T. Ruth
General subdivision Commentaries.
650 #4 - SUBJECT ADDED ENTRY--TOPICAL TERM
Topical term or geographic name as entry element Bible. O.T. Ruth
General subdivision Homiletical use.
950 0# - LOCAL HOLDINGS (RLIN)
-- 1.95/set
951 ## - EQUIVALENCE OR CROSS-REFERENCE-GEOGRAPHIC NAME/AREA NAME [OBSOLETE] [CAN/MARC only]
-- 10828
-- BS1315.3/B65
-- 070613111205125
-- 2000-12-21
-- GC
Holdings
Withdrawn status Lost status Damaged status Not for loan Home library Current library Shelving location Date acquired Accession number Shelving control number Total Checkouts Full call number Date last seen Price effective from Koha item type
        BSOP Library BSOP Library GC 12/21/2000 10828 127   BS1315.3/B65 02/23/2013 02/23/2013 Books
BSOP

Biblical Seminary of the Philippines
  All rights Reserved
  © 2024

CONTACT INFORMATION

Biblical Seminary of the Philippines,
  77-B Karuhatan Road, Valenzuela City,
  PHILIPPINES 1441
  Phone: +632 8292-6795 / 8292-6798
  Fax : +632 8292-6675
  Email: library@bsop.edu.ph